000 00440nam a22001577a 4500
999 _c47803
_d47803
005 20181115150310.0
008 181115b ||||| |||| 00| 0 eng d
020 _a8187902299
035 _aB-230174
082 _aS
245 _aPinocchio /
_cillustrated by Utsav Bhattacharya
260 _aNoida (U.P.)
_bHello Friend
300 _aVarious pagings
_bill.
_c27cm (Hb)
700 _aBhattacharya, Utsav
_921931
942 _2ddc
_cCH
_hS
_mPIN